N-Letter Subdivisions of Africa - Statistics

General Stats
  • This quiz has been taken 15 times
    4 since last reset
  • The average score is 35 of 70
Answer Stats
Country Subdivision Type Answer % Correct
Kenya County Nairobi
100%
Cameroon Region North
100%
Botswana District North-East
100%
Ghana Region North East
100%
Ghana Region Northern
100%
Malawi Region Northern
100%
Rwanda Province Northern
100%
Sierra Leone Province Northern
100%
Sudan State Northern
100%
Zambia Province Northern
100%
South Africa Province Northern Cape
100%
Botswana District North-West
100%
Sierra Leone Province North West
100%
South Africa Province North West
100%
Cameroon Region Northwest
100%
Algeria Province Naâma
67%
Tunisia Governorate Nabeul
67%
Kenya County Nakuru
67%
Angola Province Namibe
67%
Mali Region Nara
67%
Nigeria State Nasarawa
67%
Egypt Governorate New Valley
67%
Niger Region Niamey
67%
Nigeria State Niger
67%
Burkina Faso Region Nord
67%
Democratic Republic of the Congo Province Nord-Ubangi
67%
Sudan State North Darfur
67%
Somalia State North Eastern
67%
Eritrea Region Northern Red Sea
67%
Democratic Republic of the Congo Province North Kivu
67%
Zambia Province North-Western
67%
Kenya County Nyeri
67%
Uganda District Nakapiripirit
33%
Uganda District Nakaseke
33%
Uganda District Nakasongola
33%
Libya District Nalut
33%
Uganda District Namayingo
33%
Uganda District Namisindwa
33%
Mozambique Province Nampula
33%
Uganda District Namutumba
33%
Central African Republic Prefecture Nana-Grébizi
33%
Kenya County Nandi
33%
Uganda District Napak
33%
Kenya County Narok
33%
Chad Province N'Djamena
33%
Uganda District Nebbi
33%
Uganda District Ngora
33%
Gabon Province Ngounié
33%
Republic of the Congo Department Niari
33%
Mozambique Province Niassa
33%
Liberia County Nimba
33%
Tanzania Region Njombe
33%
Gambia City North Bank
33%
South Sudan State Northern Bahr el Ghazal
33%
Sudan State North Kordofan
33%
Uganda District Ntungamo
33%
Uganda District Nwoya
33%
Kenya County Nyandarua
33%
Uganda District Nabilatuk
0%
Central African Republic Prefecture Nana-Mambéré
0%
Mali Region Nioro
0%
Republic of the Congo Department Nkéni-Alima
0%
Mauritania Region Nouakchott-Nord
0%
Mauritania Region Nouakchott-Ouest
0%
Mauritania Region Nouakchott-Sud
0%
Uganda District Ntoroko
0%
Libya District Nuqat al Khams
0%
Kenya County Nyamira
0%
Gabon Province Nyanga
0%
Guinea Region Nzérékoré
0%
No matching quizzes found
Score Distribution
Percent of People with Each Score
Percentile by Number Answered
Your Score History
You have not taken this quiz since the last reset